| 000 | 00556ntaaa2200181 4500 | ||
|---|---|---|---|
| 003 | 01 | ||
| 005 | 20251027201357.0 | ||
| 008 | 0714s1973 ag 01 | ||
| 040 |
_aAR-BaBN _bspa _cAR-BaBN _eaacr _dRIC |
||
| 082 | _a225.5200 B47 | ||
| 100 |
_aBiblia. N.T. Inglés. Today´s English. 1966 _912206 |
||
| 245 | _aGood news for modern man | ||
| 250 | _a1 ed. | ||
| 260 |
_aNew York : _bThe Bible Society, _c1966 |
||
| 300 |
_a599 p. ; _cil. ; 18 cm |
||
| 500 | _aEl Nuevo Testamento en inglés modernoCopia 2 publicado por Broadman con fecha de 1967 | ||
| 942 | _cBK | ||
| 999 |
_c8283 _d8283 |
||